|
|
|
|
| LEADER |
00000naa2a2200000 4500 |
| 001 |
90470 |
| 005 |
20231031103541.0 |
| 035 |
|
|
|a (RuTPU)RU\TPU\book\97013
|
| 090 |
|
|
|a 90470
|
| 100 |
|
|
|a 20060209d2002 k y0rusy50 ca
|
| 101 |
0 |
|
|a rus
|
| 102 |
|
|
|a RU
|
| 200 |
1 |
|
|a Влияние трещиноватости на механоэлектрические преобразования слоистых горных пород при акустическом возбуждении
|f А. А. Беспалько, Л. В. Яворович, Д. И. Дацко
|
| 320 |
|
|
|a Библиогр.: 1 назв.
|
| 463 |
|
0 |
|0 (RuTPU)RU\TPU\book\56937
|y 9965-615-03-9
|t Физика твердого тела
|o материалы VII Международной конференции, Усть-Каменогорск, 5-7 июня 2002 г.
|f Восточно-Казахстанский государственный технический университет им. Д. Серикбаева
|v С. 34-36.
|d 2002
|p 366 с.
|
| 610 |
1 |
|
|a слоистые горные породы
|
| 610 |
1 |
|
|a акустические возбуждения
|
| 610 |
1 |
|
|a трещиноватость
|
| 610 |
1 |
|
|a диэлектрики
|
| 610 |
1 |
|
|a труды учёных ТПУ
|
| 700 |
|
1 |
|a Беспалько
|b А. А.
|c специалист в области электрофизики
|c ведущий научный сотрудник Томского политехнического университета, кандидат физико-математических наук
|f 1948-
|g Анатолий Алексеевич
|2 stltpush
|3 (RuTPU)RU\TPU\pers\25152
|
| 701 |
|
1 |
|a Яворович
|b Л. В.
|c специалист в области электрофизики
|c старший научный сотрудник Томского политехнического университета
|f 1957-
|g Людмила Васильевна
|2 stltpush
|3 (RuTPU)RU\TPU\pers\26571
|
| 701 |
|
1 |
|a Дацко
|b Д. И.
|
| 801 |
|
1 |
|a RU
|b 63413507
|c 20060209
|g PSBO
|
| 801 |
|
2 |
|a RU
|b 63413507
|c 20160324
|g PSBO
|
| 942 |
|
|
|c BK
|